banner koha

Plano de manejo para polinização da cultura do cajueiro: conservação e manejo de polinizadores para agricultura sustentável, através de uma abordagem ecossistema (Registro n. 80983)

MARC details
000 -LÍDER
campo de controle de tamanho fixo 01114nam a22003497a 4500
001 - NÚMERO DE CONTROLE
campo de controle BR2015003259
003 - IDENTIFICADOR DO NÚMERO DE CONTROLE
campo de controle BR-BrBNA
005 - DATA E HORÁRIO DA ÚLTIMA TRANSAÇÃO
campo de controle 20230928104635.0
007 - CAMPO FIXO DE DESCRIÇÃO FÍSICA--INFORMAÇÃO GERAL
campo de controle de tamanho fixo ta
008 - CAMPO DE DADOS FIXOS--INFORMAÇÃO GERAL
campo de controle de tamanho fixo 230509b bl.||||| |||| 00| 0 por d
040 ## - FONTE DA CATALOGAÇÃO
Instituição da catalogação original BR-BrBNA
Idioma da catalogação por
Instituição que transcreveu o registro Biblioteca Nacional de Agricultura
041 ## - CÓDIGO DE IDIOMA
Código do idioma do texto/trilha sonora ou título diferente 52 p.
072 ## - CÓDIGO DE CATEGORIA DE ASSUNTO
Código de Categoria de Assunto F63
Código do objeto 7100
-- 1160
-- 3570
090 ## - NÚMERO DE CHAMADA LOCAL
-- 7100 BR2015003259
100 1# - ENTRADA PRINCIPAL--NOME PESSOAL
Nome pessoal Silva, C.I. da
100 1# - ENTRADA PRINCIPAL--NOME PESSOAL
Nome pessoal Lemos, C.Q.
100 1# - ENTRADA PRINCIPAL--NOME PESSOAL
Nome pessoal Rocha, E.E. de M.
100 1# - ENTRADA PRINCIPAL--NOME PESSOAL
Nome pessoal Mendonça, K.S.
100 1# - ENTRADA PRINCIPAL--NOME PESSOAL
Nome pessoal Pereira, N. de O.
110 1# - ENTRADA PRINCIPAL--NOME CORPORATIVO
Nome corporativo ou nome da jurisdição Fundo Brasileiro para Biodiversidade, Rio de Janeiro, RJ (Brasil)
9 (RLIN) 5188
245 1# - TÍTULO
Título Plano de manejo para polinização da cultura do cajueiro: conservação e manejo de polinizadores para agricultura sustentável, através de uma abordagem ecossistema
260 3# - PUBLICAÇÃO, DISTRIBUIÇÃO, ETC.
Local de publicação, distribuição, etc. Rio de Janeiro, RJ (Brasil):
Data da publicação, distribuição, etc. 2014.
500 ## - NOTA GERAL
Nota geral Bibliography p. 46-52; 20 illus
650 ## - ASSUNTO--TERMO TÓPICO
Cabeçalho tópico ou nome geográfico AGRICULTURA SUSTENTÁVEL
650 ## - ASSUNTO--TERMO TÓPICO
Cabeçalho tópico ou nome geográfico BOTÂNICA
650 ## - ASSUNTO--TERMO TÓPICO
Cabeçalho tópico ou nome geográfico POLINIZAÇÃO
650 ## - ASSUNTO--TERMO TÓPICO
Cabeçalho tópico ou nome geográfico ABELHA
650 ## - ASSUNTO--TERMO TÓPICO
Cabeçalho tópico ou nome geográfico CAJU
650 ## - ASSUNTO--TERMO TÓPICO
Cabeçalho tópico ou nome geográfico POLEN
909 ## -
-- 202309
-- Lucia
-- 55
-- Lucia Elande
942 ## - ELEMENTOS DE ENTRADA ADICIONADOS (KOHA)
Tipo de material Koha Livros
Exemplares
Situação do descarte Fonte da classificação ou esquema de arquivamento na estante Situação física Não pode ser emprestado Coleção Biblioteca de origem Biblioteca atual Total de empréstimos Número de telefone completo Código de barras Data de último acesso Número do exemplar Tipo de material Koha Situação das perdas Data de aquisição Fonte de aquisição
  Classificação AGRIS       Biblioteca Nacional de Agricultura - Binagri Biblioteca Nacional de Agricultura - Binagri   7100 BR2015003259 7100 BR2015003259 25/09/2023 01 Livros   2023-09-25 Portaria Interministerial nº 164/94

BINAGRI

Telefone: (61)3218-2567/2388/3357/2097 - binagri@agro.gov.br

Ministério da Agricultura e Pecuária , Esplanada dos Ministérios, Bloco D, Anexo B, Brasília/DF, CEP: 70.043-900